[Event "Aaronson Masters 2nd"]
[Site "London"]
[Date "1979.04.14"]
[Round "3"]
[White "Povah, Nigel Edward"]
[Black "Nikolic, Stanimir"]
[Result "0-1"]
[WhiteElo "2325"]
[BlackElo "2440"]
[PlyCount "108"]
[EventDate "1979.04.12"]
[EventType "swiss"]
[EventRounds "9"]
[EventCountry "ENG"]

1. e4 e5 2. Nf3 Nc6 3. Bb5 Nf6 4. O-O Be7 5. d4 exd4 6. Re1 a6 7. Ba4 O-O 8. e5
Ne8 9. Bf4 b5 10. Bb3 Na5 11. Nxd4 Nxb3 12. axb3 Rb8 13. Nc3 Bg5 14. Bg3 Rb6
15. Nd5 Rg6 16. f4 c6 17. Ne3 Be7 18. f5 Rxg3 19. hxg3 f6 20. e6 Nc7 21. Kh2
Re8 22. Qf3 Bb7 23. exd7 Qxd7 24. Ne6 Bd6 25. Rad1 Nxe6 26. fxe6 Qxe6 27. Nf5
Be5 28. Nd6 Bxd6 29. Rxe6 Rxe6 30. Qf5 Kf7 31. Qh5+ Kf8 32. b4 h6 33. c3 Bc8
34. Qf3 Bd7 35. Qf2 Be8 36. Qa7 h5 37. Kh3 Re7 38. Qxa6 Bc7 39. Qc8 g6 40. Rd3
Kg7 41. g4 Bf7 42. g3 Be6 43. Qa8 Bxg4+ 44. Kg2 Bf5 45. Rd2 g5 46. Qa1 Be4+ 47.
Kh3 Bf3 48. Qg1 Kg6 49. Qb1+ Kh6 50. Qg1 Re4 51. Rd4 Re2 52. g4 hxg4+ 53. Rxg4
Rh2+ 54. Qxh2 Bxg4+ 0-1

[Event "Aaronson Masters 2nd"]
[Site "London"]
[Date "1979.04.14"]
[Round "3"]
[White "Rayner, Emmanuel"]
[Black "Kopec, Danny"]
[Result "1-0"]
[WhiteElo "2325"]
[BlackElo "2365"]
[PlyCount "57"]
[EventDate "1979.04.12"]
[EventType "swiss"]
[EventRounds "9"]
[EventCountry "ENG"]

1. e4 e6 2. d4 d5 3. Nd2 dxe4 4. Nxe4 Nd7 5. Nf3 Be7 6. Bc4 Ngf6 7. Nxf6+ Bxf6
8. Be3 O-O 9. O-O Nb6 10. Bd3 Nd5 11. Bd2 Bd7 12. c4 Ne7 13. Qc2 Ng6 14. Be4
Rb8 15. Rfe1 Qc8 16. h4 Re8 17. h5 Nf8 18. Bf4 a5 19. Qc3 Ra8 20. Ne5 Bxe5 21.
dxe5 Bc6 22. Bc2 Qd8 23. Qg3 Qd4 24. Bh6 g6 25. Qg5 Qd8 26. Qf4 f5 27. exf6 Kf7
28. Bg7 gxh5 29. Qh6 1-0

[Event "Aaronson Masters 2nd"]
[Site "London"]
[Date "1979.04.14"]
[Round "3"]
[White "Rivas Pastor, Manuel"]
[Black "Flear, Glenn C"]
[Result "1-0"]
[WhiteElo "2365"]
[BlackElo "2320"]
[PlyCount "91"]
[EventDate "1979.04.12"]
[EventType "swiss"]
[EventRounds "9"]
[EventCountry "ENG"]

1. d4 d5 2. c4 e6 3. Nc3 Nf6 4. Nf3 c6 5. cxd5 exd5 6. Bg5 Be7 7. e3 Bf5 8. Bd3
Bxd3 9. Qxd3 Nbd7 10. O-O O-O 11. Nd2 Re8 12. Rae1 Ne4 13. Bxe7 Qxe7 14. f3
Nxd2 15. Qxd2 Qg5 16. Qf2 f5 17. Qg3 Qxg3 18. hxg3 Re7 19. Kf2 a5 20. b3 Nb6
21. a4 Rae8 22. Re2 Na8 23. Rb1 Nb6 24. Nd1 Nc8 25. Nb2 Nd6 26. Nd3 g6 27. Rc1
Kg7 28. Rc5 Ra8 29. Rb2 Ra6 30. Ke2 Kf6 31. Ne5 Nf7 32. Nxf7 Kxf7 33. b4 axb4
34. Rxb4 Kf6 35. a5 h5 36. Rb6 Rxb6 37. axb6 Kg5 38. Ra5 Kf6 39. Ra8 Ke6 40.
Kd3 Rd7 41. Kc3 Kf6 42. Rc8 Ke6 43. Kb4 Kf6 44. Kc5 Re7 45. Rc7 Ke6 46. Rxb7
1-0

[Event "Aaronson Masters 2nd"]
[Site "London"]
[Date "1979.04.14"]
[Round "3"]
[White "Van Baarle, C John"]
[Black "Meulders, Richard"]
[Result "1/2-1/2"]
[WhiteElo "2325"]
[BlackElo "2225"]
[PlyCount "93"]
[EventDate "1979.04.12"]
[EventType "swiss"]
[EventRounds "9"]
[EventCountry "ENG"]

1. c4 f5 2. Nf3 Nf6 3. d4 e6 4. Bg5 Be7 5. Nc3 d6 6. Qc2 O-O 7. e3 Qe8 8. Be2
Bd8 9. O-O Nc6 10. d5 Nb4 11. Qb3 Na6 12. dxe6 Nc5 13. Qc2 Bxe6 14. Nd4 Bd7 15.
Bf3 Nfe4 16. Bxd8 Rxd8 17. Ndb5 Bxb5 18. Nxb5 c6 19. Nc3 Qe5 20. Nxe4 fxe4 21.
Be2 a5 22. Qd2 Rde8 23. Qd4 Qxd4 24. exd4 Nd3 25. Rad1 Nxb2 26. Rb1 Na4 27.
Rxb7 Nc3 28. Bg4 Rb8 29. Rxb8 Rxb8 30. g3 Rb2 31. c5 d5 32. a4 Kf8 33. f3 e3
34. Re1 Re2 35. Rc1 Na2 36. Rb1 Nb4 37. Rb3 Re1+ 38. Kg2 Re2+ 39. Kf1 Rxh2 40.
Rxe3 Ra2 41. Bd7 Rxa4 42. Re8+ Kf7 43. Rc8 Ra3 44. Kf2 Rd3 45. Bxc6 Nxc6 46.
Rxc6 Rxd4 47. Rd6 1/2-1/2

[Event "Aaronson Masters 2nd"]
[Site "London"]
[Date "1979.04.15"]
[Round "4"]
[White "Britton, Richard"]
[Black "Niklasson, Christer"]
[Result "0-1"]
[WhiteElo "2320"]
[BlackElo "2385"]
[PlyCount "70"]
[EventDate "1979.04.12"]
[EventType "swiss"]
[EventRounds "9"]
[EventCountry "ENG"]

1. e4 c5 2. Nf3 e6 3. d3 b6 4. Nbd2 Bb7 5. g3 Nf6 6. Bg2 Be7 7. O-O O-O 8. Re1
d6 9. Nf1 Nbd7 10. h4 c4 11. Ng5 h6 12. Nh3 cxd3 13. cxd3 Rc8 14. f4 Qc7 15.
Ne3 Ba6 16. g4 Nc5 17. g5 Nxd3 18. gxf6 Bxf6 19. Bf1 Bxh4 20. Bxd3 Bxd3 21.
Qxd3 Bxe1 22. Ng2 Ba5 23. Qg3 Qc2 24. f5 Qd1+ 25. Kh2 Rxc1 26. Rxc1 Qxc1 27. f6
g6 28. Nhf4 Kh7 29. Nd3 Qc4 30. Qxd6 Qc8 31. e5 Bd2 32. Qa3 a5 33. Nf2 Qc5 34.
Qg3 Qd4 35. b3 Rc8 0-1

[Event "Aaronson Masters 2nd"]
[Site "London"]
[Date "1979.04.15"]
[Round "4"]
[White "Flear, Glenn C"]
[Black "Norman, Kenneth I"]
[Result "1/2-1/2"]
[WhiteElo "2320"]
[BlackElo "2240"]
[PlyCount "116"]
[EventDate "1979.04.12"]
[EventType "swiss"]
[EventRounds "9"]
[EventCountry "ENG"]

1. d4 d5 2. c4 dxc4 3. Nf3 Nf6 4. e3 Bg4 5. Bxc4 e6 6. h3 Bh5 7. Nc3 Nbd7 8.
O-O Bd6 9. e4 e5 10. g4 Bg6 11. dxe5 Nxe5 12. Nxe5 Bxe5 13. f4 Qd4+ 14. Qxd4
Bxd4+ 15. Kh2 Bxc3 16. bxc3 Bxe4 17. g5 Bd5 18. Re1+ Kd7 19. Rd1 Kc6 20. Rd4 b5
21. Bxb5+ Kxb5 22. gxf6 Kc6 23. fxg7 Rhe8 24. c4 Re2+ 25. Kg3 Rg2+ 26. Kh4 Be6
27. f5 Bxf5 28. Rd5 Be6 29. Rg5 Rh2 30. Rg3 f6 31. Be3 Rc2 32. Rc1 Rxa2 33. Rf1
f5 34. Kg5 Rc2 35. Kf6 Re8 36. Rxf5 Bxf5 37. Kxf5 Rxc4 38. g8=Q Rxg8 39. Rxg8
a5 40. Rg3 a4 41. Bf4 Kb5 42. h4 Kb4 43. Bd2+ Kb5 44. Bf4 Kb4 45. h5 a3 46.
Bd2+ Ka4 47. h6 a2 48. Rg1 Rc2 49. Bg5 Rb2 50. Bf6 Rb1 51. Rg4+ Kb5 52. Bg7
Rf1+ 53. Ke6 c5 54. Rg2 a1=Q 55. Bxa1 Rxa1 56. Kf7 Ra7+ 57. Kg8 c4 58. Rg7 Ra6
1/2-1/2

[Event "Aaronson Masters 2nd"]
[Site "London"]
[Date "1979.04.15"]
[Round "4"]
[White "Formanek, Edward W"]
[Black "Rayner, Emmanuel"]
[Result "0-1"]
[WhiteElo "2410"]
[BlackElo "2325"]
[PlyCount "44"]
[EventDate "1979.04.12"]
[EventType "swiss"]
[EventRounds "9"]
[EventCountry "ENG"]

1. e4 c5 2. Nf3 d6 3. d4 cxd4 4. Nxd4 Nf6 5. Nc3 a6 6. Be2 e6 7. Be3 Be7 8. O-O
Qc7 9. f4 O-O 10. a4 b6 11. Bf3 Bb7 12. g4 Nc6 13. g5 Nd7 14. f5 Nde5 15. Nxc6
Qxc6 16. Bg2 Nc4 17. Bd4 Bxg5 18. Qh5 Be3+ 19. Bxe3 Nxe3 20. Rf3 Nxg2 21. Kxg2
exf5 22. Qxf5 Rae8 0-1

[Event "Aaronson Masters 2nd"]
[Site "London"]
[Date "1979.04.15"]
[Round "4"]
[White "Hebden, Mark L"]
[Black "Macdonald-Ross, Michael"]
[Result "0-1"]
[WhiteElo "2230"]
[BlackElo "2270"]
[PlyCount "121"]
[EventDate "1979.04.12"]
[EventType "swiss"]
[EventRounds "9"]
[EventCountry "ENG"]

1. e4 c6 2. d4 d5 3. exd5 cxd5 4. c4 Nf6 5. Nc3 Nc6 6. Nf3 e6 7. cxd5 Nxd5 8.
Bd3 Be7 9. O-O O-O 10. Re1 Nf6 11. a3 a6 12. Bg5 g6 13. Qe2 Bd7 14. Rad1 Rc8
15. Qd2 Na5 16. d5 Nxd5 17. Bxe7 Nxe7 18. Be4 Rc7 19. Ne5 Nb3 20. Qxd7 Rxd7 21.
Nxd7 Qc7 22. Nxf8 Kxf8 23. h4 h6 24. Re3 Nc5 25. Bc2 Nf5 26. Bxf5 gxf5 27. b4
Nd7 28. Ne2 Nf6 29. g3 Nd5 30. Rc1 Qb6 31. Rf3 a5 32. Nf4 Nf6 33. Nd3 axb4 34.
Nxb4 Ne4 35. Rc2 Qd4 36. Rd3 Qe5 37. Kg2 Kg7 38. Re3 Qa1 39. Rd3 Qe1 40. Re3
Qd1 41. Rd3 Qg4 42. Rf3 Nd6 43. Rf4 Qd1 44. Rf3 Ne4 45. Rd3 Qg4 46. Rf3 Nf6 47.
Rf4 Qd1 48. Rf3 Ng4 49. Rd3 Qe1 50. Rdd2 f4 51. gxf4 Qe4+ 52. Kg1 Qxf4 53. Nd3
Qh2+ 54. Kf1 Qxh4 55. Ke2 Qh1 56. Rc4 h5 57. Nf4 e5 58. Nd5 Qg2 59. Ne7 Qxf2+
60. Kd3 Qf3+ 61. Kc2 0-1

[Event "Aaronson Masters 2nd"]
[Site "London"]
[Date "1979.04.15"]
[Round "4"]
[White "Jackson, Sheila"]
[Black "Fuller, Maxwell L"]
[Result "0-1"]
[WhiteElo "2095"]
[BlackElo "2380"]
[PlyCount "92"]
[EventDate "1979.04.12"]
[EventType "swiss"]
[EventRounds "9"]
[EventCountry "ENG"]

1. e4 g6 2. d4 Bg7 3. Nf3 c5 4. c3 cxd4 5. cxd4 d5 6. e5 Bg4 7. Be2 Nc6 8. Nc3
Nh6 9. h3 Bxf3 10. Bxf3 Nf5 11. Bxd5 Nfxd4 12. f4 Qb6 13. Qd2 O-O-O 14. Qf2 Nb4
15. Be4 f5 16. exf6 exf6 17. O-O f5 18. Bb1 Nf3+ 19. Kh1 Qxf2 20. Rxf2 Bxc3 21.
Rxf3 Rd1+ 22. Kh2 Bf6 23. Rf2 Re8 24. Bc2 Nxc2 25. Rxc2+ Kb8 26. a4 Ree1 27. g3
Bd4 28. h4 h5 29. Kg2 Rg1+ 30. Kh2 Rh1+ 31. Kg2 Rdg1+ 32. Kf3 Rh3 33. Rg2 Rf1+
34. Ke2 Rhh1 35. Be3 Rxa1 36. Bxd4 Rxa4 37. Be5+ Kc8 38. Kd3 Rd1+ 39. Ke2 Rd5
40. Kf3 Rc4 41. Re2 Rd3+ 42. Kf2 Kd7 43. Bf6 a5 44. Re7+ Kc6 45. Re6+ Rd6 46.
Rxd6+ Kxd6 0-1

[Event "Aaronson Masters 2nd"]
[Site "London"]
[Date "1979.04.15"]
[Round "4"]
[White "Littlewood, Paul E"]
[Black "Sowray, Peter John"]
[Result "1-0"]
[WhiteElo "2405"]
[BlackElo "2210"]
[PlyCount "89"]
[EventDate "1979.04.12"]
[EventType "swiss"]
[EventRounds "9"]
[EventCountry "ENG"]

1. d4 Nf6 2. c4 e6 3. Nc3 c5 4. d5 exd5 5. cxd5 d6 6. e4 g6 7. f4 Bg7 8. Bb5+
Nfd7 9. Bd3 O-O 10. Nf3 Na6 11. O-O Rb8 12. Kh1 Nc7 13. a4 a6 14. a5 b5 15.
axb6 Rxb6 16. Qe2 Nf6 17. f5 Nb5 18. fxg6 fxg6 19. Nxb5 axb5 20. Ra8 Qe7 21.
Ng5 c4 22. Bc2 h6 23. Ne6 Bxe6 24. Rxf8+ Qxf8 25. dxe6 Qe7 26. Qe3 Ra6 27. Qh3
Ra1 28. e5 dxe5 29. Bxg6 Nd5 30. Bf7+ Kh8 31. Qf3 Nc7 32. Qc6 e4 33. Rg1 Bd4
34. Qd7 Bf6 35. Be3 Qxd7 36. exd7 Rxg1+ 37. Bxg1 Kg7 38. Bd4 Kxf7 39. Bxf6 Ne6
40. d8=Q Nxd8 41. Bxd8 b4 42. Bb6 Ke6 43. Kg1 c3 44. b3 Kf5 45. Kf2 1-0

[Event "Aaronson Masters 2nd"]
[Site "London"]
[Date "1979.04.15"]
[Round "4"]
[White "Macpherson, H Dugald"]
[Black "Rivas Pastor, Manuel"]
[Result "0-1"]
[WhiteElo "2330"]
[BlackElo "2365"]
[PlyCount "66"]
[EventDate "1979.04.12"]
[EventType "swiss"]
[EventRounds "9"]
[EventCountry "ENG"]

1. g3 d5 2. Bg2 c6 3. Nf3 g6 4. d3 Bg7 5. c3 e5 6. Be3 Ne7 7. Qc1 h6 8. a4 a5
9. Na3 Be6 10. Nc2 Nd7 11. h4 Qc7 12. d4 e4 13. Bf4 Qd8 14. Ng1 f6 15. Ne3 c5
16. Qd2 Nc6 17. Bxe4 dxe4 18. d5 Nb6 19. dxe6 Qxd2+ 20. Kxd2 O-O-O+ 21. Kc2 g5
22. Nf5 gxf4 23. Nxg7 fxg3 24. fxg3 Nc4 25. Kb3 Ne3 26. Nh3 Rd2 27. Nf4 Kc7 28.
g4 b5 29. Nf5 bxa4+ 30. Kxa4 Nc4 31. b3 Nb2+ 32. Ka3 a4 33. Ka2 Nd3+ 0-1

[Event "Aaronson Masters 2nd"]
[Site "London"]
[Date "1979.04.16"]
[Round "5"]
[White "Basman, Michael J"]
[Black "Littlewood, Paul E"]
[Result "0-1"]
[WhiteElo "2405"]
[BlackElo "2405"]
[PlyCount "54"]
[EventDate "1979.04.12"]
[EventType "swiss"]
[EventRounds "9"]
[EventCountry "ENG"]

1. b4 e5 2. a3 d5 3. e3 Nf6 4. Bb2 Bd6 5. c4 c6 6. cxd5 cxd5 7. Nf3 Qe7 8. Nc3
Nc6 9. h3 O-O 10. g4 Be6 11. Ne2 a6 12. Ng3 e4 13. Nd4 Nxd4 14. Bxd4 Nd7 15.
Qb3 Ne5 16. Be2 Nc6 17. Bb2 d4 18. Qd1 Bxg3 19. fxg3 d3 20. Bf1 f5 21. Qc1 fxg4
22. Qc5 Qf7 23. O-O-O Ba2 24. hxg4 Na5 25. bxa5 Rac8 26. Rh5 Rxc5+ 27. Rxc5
Qxf1 0-1

[Event "Aaronson Masters 2nd"]
[Site "London"]
[Date "1979.04.16"]
[Round "5"]
[White "Fuller, Maxwell L"]
[Black "Giffard, Nicolas"]
[Result "1-0"]
[WhiteElo "2380"]
[BlackElo "2330"]
[PlyCount "69"]
[EventDate "1979.04.12"]
[EventType "swiss"]
[EventRounds "9"]
[EventCountry "ENG"]

1. e4 c5 2. g3 Nc6 3. Bg2 g6 4. Ne2 Bg7 5. c3 e5 6. b4 cxb4 7. d4 exd4 8. cxd4
Nge7 9. a3 d5 10. e5 a5 11. axb4 Nxb4 12. Nbc3 Bf5 13. O-O Bc2 14. Qd2 Bd3 15.
Ba3 Bc4 16. Nd1 O-O 17. Ne3 Qb6 18. Rfd1 Rfd8 19. Nf4 Nec6 20. Ng4 Bb3 21. Nf6+
Kh8 22. Nh3 Bxd1 23. Rxd1 h6 24. Ng5 Rf8 25. Qf4 Rad8 26. Qh4 Ne7 27. Bh3 Ng8
28. Ngh7 g5 29. Qh5 Bxf6 30. Nxf6 Kg7 31. Nxg8 Rxg8 32. Bf5 Rge8 33. h4 gxh4
34. Qxh4 Rc8 35. Bxc8 1-0

[Event "Aaronson Masters 2nd"]
[Site "London"]
[Date "1979.04.16"]
[Round "5"]
[White "Janosevic, Dragoljub"]
[Black "Watson, John"]
[Result "1-0"]
[WhiteElo "2400"]
[BlackElo "2375"]
[PlyCount "61"]
[EventDate "1979.04.12"]
[EventType "swiss"]
[EventRounds "9"]
[EventCountry "ENG"]

1. e4 c5 2. Nf3 e6 3. d4 cxd4 4. Nxd4 a6 5. Bd3 Nf6 6. Nc3 Qc7 7. Qe2 d6 8. f4
Nbd7 9. g4 h6 10. Bd2 b5 11. g5 hxg5 12. fxg5 Nh5 13. g6 Ne5 14. gxf7+ Qxf7 15.
O-O-O Nf4 16. Bxf4 Qxf4+ 17. Kb1 Rh3 18. Rhf1 Qh4 19. Rf2 Ra7 20. Qf1 Be7 21.
Nf3 Nxf3 22. Rxf3 Rxf3 23. Qxf3 Qf6 24. Qe3 Rc7 25. e5 Qxe5 26. Bg6+ Kf8 27.
Qh3 Bg5 28. Qh8+ Ke7 29. Ne4 Bd7 30. Nxg5 Qf6 31. Nh7 1-0

[Event "Aaronson Masters 2nd"]
[Site "London"]
[Date "1979.04.16"]
[Round "5"]
[White "Knott, Simon JB"]
[Black "Friedgood, David"]
[Result "0-1"]
[WhiteElo "2210"]
[BlackElo "2310"]
[PlyCount "98"]
[EventDate "1979.04.12"]
[EventType "swiss"]
[EventRounds "9"]
[EventCountry "ENG"]

1. c4 e5 2. Nc3 Nc6 3. Nf3 Nf6 4. g3 Bc5 5. Nxe5 Bxf2+ 6. Kxf2 Nxe5 7. e4 c5 8.
d3 d6 9. Kg2 O-O 10. Be2 Be6 11. h3 Nfd7 12. g4 Nb8 13. Be3 Nbc6 14. Qd2 a6 15.
Rhf1 Nd4 16. Nd5 Bxd5 17. exd5 b5 18. b3 Qb6 19. Rae1 a5 20. Bd1 bxc4 21. dxc4
a4 22. Bxd4 cxd4 23. Re4 axb3 24. axb3 d3 25. b4 Ra3 26. c5 Qb7 27. c6 Qb5 28.
Rxe5 dxe5 29. Bf3 Qc4 30. Rc1 Qd4 31. c7 Rc8 32. Qg5 f6 33. Qf5 Ra2+ 34. Kh1
Rxc7 35. Qe6+ Kf8 36. Qd6+ Re7 37. Qd8+ Kf7 38. d6 Rea7 39. d7 Qxd7 40. Bd5+
Kg6 41. Be4+ Kh6 42. Qb6 Ra1 43. Qe3+ g5 44. Kh2 Rxc1 45. Qxc1 d2 46. Qd1 Rc7
47. h4 Rc1 48. Qf3 Kg7 49. hxg5 d1=Q 0-1

[Event "Aaronson Masters 2nd"]
[Site "London"]
[Date "1979.04.16"]
[Round "5"]
[White "Large, Peter G"]
[Black "Ligterink, Gert"]
[Result "0-1"]
[WhiteElo "2265"]
[BlackElo "2440"]
[PlyCount "182"]
[EventDate "1979.04.12"]
[EventType "swiss"]
[EventRounds "9"]
[EventCountry "ENG"]

1. e4 c5 2. Nf3 e6 3. d4 cxd4 4. Nxd4 Nf6 5. Nc3 d6 6. Be2 Be7 7. O-O O-O 8. f4
Nc6 9. Be3 e5 10. Nb3 exf4 11. Rxf4 Nd7 12. Qd2 Nde5 13. Rff1 Be6 14. Nd5 Bxd5
15. exd5 Nb8 16. Nd4 g6 17. c4 Nbd7 18. b3 Re8 19. Rae1 Bf8 20. Bd1 Bg7 21. Kh1
Nc5 22. Bc2 a5 23. a4 Rc8 24. h3 Qd7 25. Qd1 b6 26. Bg1 Re7 27. Re3 Rce8 28.
Rg3 Qc7 29. Nb5 Qb8 30. Bd4 Ned7 31. Bxg7 Kxg7 32. Nd4 Ne5 33. Nf5+ Kh8 34.
Nxe7 Rxe7 35. Qd2 Qc7 36. h4 Re8 37. h5 Qe7 38. Qf4 Ncd7 39. hxg6 fxg6 40. Qd4
Qg7 41. Qe3 Re7 42. Re1 Rf7 43. Bd1 Nc5 44. Be2 Qf8 45. Kg1 Kg8 46. Rf1 Rxf1+
47. Bxf1 Qf5 48. Qe1 h5 49. Re3 Qf4 50. Qg3 Qd4 51. Kh1 Ne4 52. Rxe4 Qxe4 53.
Qg5 Nf7 54. Qf6 g5 55. Kh2 Qe5+ 56. Qxe5 Nxe5 57. Be2 h4 58. g3 hxg3+ 59. Kxg3
Kg7 60. Bd1 Kf6 61. Bc2 Nf7 62. Kf3 Nh6 63. Ke4 Nf5 64. Bd1 Ne7 65. Be2 Ng6 66.
Bg4 Ne5 67. Be2 Nd7 68. Bd1 Nc5+ 69. Kf3 Nd3 70. Be2 Nc5 71. Bd1 Kf5 72. Bc2+
Ke5 73. Kg4 Kf6 74. Kf3 Nd7 75. Ke4 Ne5 76. Bd1 g4 77. Kf4 Nd3+ 78. Kg3 Ke5 79.
Bc2 Nb2 80. Kxg4 Kd4 81. Kf5 Kc3 82. Ke6 Kxc2 83. Kxd6 Kxb3 84. c5 bxc5 85.
Kxc5 Kxa4 86. d6 Nd3+ 87. Kd5 Nb4+ 88. Kc5 Na6+ 89. Kb6 Nb8 90. Kc7 Kb5 91.
Kxb8 Kc6 0-1

[Event "Aaronson Masters 2nd"]
[Site "London"]
[Date "1979.04.16"]
[Round "5"]
[White "Macdonald-Ross, Michael"]
[Black "Britton, Richard"]
[Result "0-1"]
[WhiteElo "2270"]
[BlackElo "2320"]
[PlyCount "48"]
[EventDate "1979.04.12"]
[EventType "swiss"]
[EventRounds "9"]
[EventCountry "ENG"]

1. d4 d5 2. Nf3 Nf6 3. Bf4 c5 4. e3 Nc6 5. c3 e6 6. Nbd2 Be7 7. h3 O-O 8. Bd3
Bd7 9. Ne5 Be8 10. g4 Nd7 11. Nxd7 Bxd7 12. Qb1 g6 13. Nf3 Re8 14. g5 cxd4 15.
exd4 e5 16. dxe5 Nxe5 17. Bxe5 Bd6 18. Kf1 Bxe5 19. h4 Bg4 20. Nxe5 Rxe5 21.
Qc2 Qd7 22. Kg2 Rae8 23. a4 a6 24. a5 d4 0-1

[Event "Aaronson Masters 2nd"]
[Site "London"]
[Date "1979.04.16"]
[Round "5"]
[White "Rayner, Emmanuel"]
[Black "Plaskett, H James"]
[Result "0-1"]
[WhiteElo "2325"]
[BlackElo "2410"]
[PlyCount "54"]
[EventDate "1979.04.12"]
[EventType "swiss"]
[EventRounds "9"]
[EventCountry "ENG"]

1. e4 c5 2. Nf3 Nc6 3. d4 cxd4 4. Nxd4 e6 5. Nc3 Qc7 6. Be2 a6 7. O-O Nf6 8.
Be3 Be7 9. f4 d6 10. Qe1 O-O 11. Qg3 Bd7 12. Kh1 b5 13. e5 dxe5 14. fxe5 Nxe5
15. Bf4 Bd6 16. Rad1 b4 17. Nf5 exf5 18. Rxd6 Qxd6 19. Bxe5 Qe6 20. Nd5 f4 21.
Rxf4 Qxe5 22. Nxf6+ Kh8 23. Ne4 Bc6 24. Bd3 Bxe4 25. Rxe4 Qxb2 26. h3 a5 27.
Re5 Rfe8 0-1

[Event "Aaronson Masters 2nd"]
[Site "London"]
[Date "1979.04.16"]
[Round "5.14"]
[White "Gruchacz, Robert"]
[Black "Chandler, Murray G"]
[Result "0-1"]
[WhiteElo "2355"]
[BlackElo "2380"]
[PlyCount "130"]
[EventDate "1979.04.12"]
[EventType "swiss"]
[EventRounds "9"]
[EventCountry "ENG"]
[SourceTitle "BritBase 08May2020"]
[Source "John Saunders"]
[SourceDate "2020.05.06"]
[SourceVersion "1"]
[SourceVersionDate "2020.05.06"]
[SourceQuality "1"]

1. e4 d6 2. d4 Nf6 3. Bd3 e5 4. c3 c5 5. dxe5 dxe5 6. Nf3 Nc6 7. O-O a6 8. a4
Be7 9. Na3 O-O 10. Nc4 Qc7 11. Ne3 Na5 12. Qe2 Nb3 13. Rb1 Bd7 14. Nc4 Bxa4 15.
Ncxe5 b5 16. Bg5 c4 17. Nxc4 bxc4 18. Bxc4 a5 19. e5 Ne8 20. Bxe7 Qxe7 21. Nd4
Nxd4 22. cxd4 Qb7 23. d5 Bb3 24. d6 Bxc4 25. Qxc4 g6 26. b4 a4 27. b5 Ng7 28.
Qc6 Rfb8 29. Rfc1 Ne6 30. d7 Nd8 31. Qd6 a3 32. Rb4 Ra5 33. h4 a2 34. Ra1 Rxb5
35. Rxb5 Qxb5 36. Rxa2 Ne6 37. Rc2 Rd8 38. Rc8 Qa5 39. g3 h5 40. Kg2 Kg7 41.
Kg1 Qe1+ 42. Kg2 Qe4+ 43. Kh2 Qf3 44. Kg1 Qf5 45. Kg2 Qe4+ 46. Kh2 Qe1 {
(sealed)} 47. Kg2 Qa5 48. Kg1 Kh7 49. Kg2 Kg8 50. Kg1 Kg7 51. Kg2 Kh7 52. Kg1
Qe1+ 53. Kg2 Qe4+ 54. Kg1 Qb1+ 55. Kh2 Qf5 56. Kg1 Qb1+ 57. Kh2 Qf1 58. Rc2 Qb5
59. Rd2 Kg8 60. Rd5 Qb7 61. Rd2 Nf8 62. Qe7 Rxd7 63. Rxd7 Qxd7 64. Qxd7 Nxd7
65. f4 f6 {Source: Chandler scoresheet} 0-1

[Event "Aaronson Masters 2nd"]
[Site "London"]
[Date "1979.04.17"]
[Round "6"]
[White "Bednarski, Jacek"]
[Black "Rayner, Emmanuel"]
[Result "1-0"]
[WhiteElo "2375"]
[BlackElo "2325"]
[PlyCount "113"]
[EventDate "1979.04.12"]
[EventType "swiss"]
[EventRounds "9"]
[EventCountry "ENG"]

1. e4 c5 2. Nf3 d6 3. Nc3 Nc6 4. d4 cxd4 5. Nxd4 e6 6. Be3 Nf6 7. Bc4 Be7 8.
Bb3 O-O 9. f4 Bd7 10. Qe2 Qb8 11. f5 Nxd4 12. Bxd4 exf5 13. exf5 Bd8 14. O-O
Bc6 15. Qd3 b5 16. Bxf6 Bxf6 17. Nd5 Bxd5 18. Bxd5 Qb6+ 19. Kh1 Rae8 20. Rae1
Rxe1 21. Rxe1 Bxb2 22. Bxf7+ Kh8 23. Be6 Be5 24. g3 a6 25. Kg2 Qd4 26. Qxd4
Bxd4 27. Re4 Be5 28. a4 Rb8 29. Rb4 Bc3 30. Rb3 b4 31. Rb1 Rb7 32. Rd1 Be5 33.
Bb3 Rc7 34. Kf3 Rc6 35. Ke4 g6 36. Rf1 Kg7 37. g4 g5 38. Kd5 Rc3 39. Ke6 Re3
40. Kd5 Kf6 41. Kc6 Bxh2 42. Rh1 Re2 43. Kb6 h5 44. gxh5 g4 45. h6 g3 46. Kxa6
Re5 47. h7 Kg7 48. f6+ Kxh7 49. f7 Kg7 50. Rf1 Kf8 51. Rf4 g2 52. Rg4 d5 53.
Rxg2 Bf4 54. Rf2 Be3 55. Rf3 Bg5 56. Kb5 Bd8 57. Kxb4 1-0

[Event "Aaronson Masters 2nd"]
[Site "London"]
[Date "1979.04.17"]
[Round "6"]
[White "Chandler, Murray G"]
[Black "Van Baarle, C John"]
[Result "0-1"]
[WhiteElo "2380"]
[BlackElo "2325"]
[PlyCount "42"]
[EventDate "1979.04.12"]
[EventType "swiss"]
[EventRounds "9"]
[EventCountry "ENG"]

1. e4 e5 2. Nf3 Nc6 3. Bb5 a6 4. Ba4 Nf6 5. O-O Be7 6. d4 b5 7. dxe5 Nxe4 8.
Bb3 Nc5 9. Bd5 Ne6 10. Ne1 O-O 11. f4 f5 12. exf6 Bxf6 13. Nd3 Kh8 14. f5 Ng5
15. Qh5 g6 16. fxg6 Bd4+ 17. Nf2 Rxf2 18. Rxf2 Qf6 19. Kh1 Qxf2 20. g7+ Kxg7
21. Qd1 Ne6 0-1

[Event "Aaronson Masters 2nd"]
[Site "London"]
[Date "1979.04.17"]
[Round "6"]
[White "Formanek, Edward W"]
[Black "Povah, Nigel Edward"]
[Result "1-0"]
[WhiteElo "2410"]
[BlackElo "2325"]
[PlyCount "63"]
[EventDate "1979.04.12"]
[EventType "swiss"]
[EventRounds "9"]
[EventCountry "ENG"]

1. d4 Nf6 2. c4 c5 3. d5 e6 4. Nc3 exd5 5. cxd5 d6 6. e4 g6 7. f4 Bg7 8. Bb5+
Nfd7 9. Nf3 a6 10. Bd3 b5 11. O-O O-O 12. Qc2 c4 13. Be2 Nf6 14. Kh1 Qb6 15.
Nd1 Re8 16. Be3 Qc7 17. Nd2 Bg4 18. Bf3 Bxf3 19. Rxf3 Nbd7 20. Nf2 Re7 21. Rd1
Rae8 22. Bd4 Nc5 23. Bxf6 Bxf6 24. e5 Bg7 25. Nde4 Nb7 26. Ng4 Rd8 27. Nef6+
Bxf6 28. exf6 Ree8 29. f5 Qa5 30. Qc1 Kh8 31. Rg1 gxf5 32. Qh6 1-0

[Event "Aaronson Masters 2nd"]
[Site "London"]
[Date "1979.04.17"]
[Round "6"]
[White "Hodgson, Julian M"]
[Black "Strauss, David J"]
[Result "1-0"]
[WhiteElo "2285"]
[BlackElo "2345"]
[PlyCount "41"]
[EventDate "1979.04.12"]
[EventType "swiss"]
[EventRounds "9"]
[EventCountry "ENG"]

1. e4 c5 2. f4 g6 3. Nf3 Bg7 4. Nc3 Nc6 5. Bc4 e6 6. f5 Nge7 7. fxe6 fxe6 8. d3
d5 9. Bb3 b5 10. exd5 exd5 11. O-O Bxc3 12. bxc3 c4 13. Ng5 Bf5 14. dxc4 dxc4
15. Qe2 h6 16. Rxf5 hxg5 17. Rxb5 cxb3 18. axb3 Qd6 19. h3 O-O 20. Bxg5 Nf5 21.
Rd1 1-0

[Event "Aaronson Masters 2nd"]
[Site "London"]
[Date "1979.04.17"]
[Round "6"]
[White "King, Daniel J"]
[Black "Britton, Richard"]
[Result "0-1"]
[WhiteElo "2265"]
[BlackElo "2320"]
[PlyCount "90"]
[EventDate "1979.04.12"]
[EventType "swiss"]
[EventRounds "9"]
[EventCountry "ENG"]

1. e4 c5 2. Nf3 d6 3. d4 cxd4 4. Nxd4 Nf6 5. Nc3 a6 6. Be2 e5 7. Nb3 Be7 8. O-O
O-O 9. a4 Be6 10. f4 Qc7 11. Kh1 Nbd7 12. f5 Bc4 13. a5 Bb5 14. Bg5 Bc6 15. Bf3
b5 16. axb6 Qxb6 17. Na5 Bb5 18. Nxb5 axb5 19. Nb3 Ra4 20. Qe2 Rfa8 21. Rab1
Qc6 22. Rfe1 h6 23. Bh4 Nb6 24. c3 Kf8 25. Nc1 Nfd7 26. Bf2 Nc5 27. Nd3 Nxd3
28. Qxd3 Ra2 29. Bxb6 Qxb6 30. Qd5 b4 31. Bh5 Ke8 32. Qxf7+ Kd7 33. Qxg7 Qf2
34. cxb4 Rxb2 35. f6 Raa2 36. Qxe7+ Kc6 37. Rbc1+ Rc2 38. Be8+ Kb6 39. Qxd6+
Ka7 40. Qe7+ Ka6 41. b5+ Kb6 42. Qg7 Qe3 43. Rcd1 Re2 44. Rg1 Qf3 45. h3 Qxh3+
0-1